000 00678nam a2200205 a 4500
003 AR-BaBNM
005 20251128203339.0
008 082120s2002 ||||||||||||||000 | spa||
040 _cAR-BaBNM
100 1 _aPírez Apolonia, Raúl
245 0 0 _aDiccionario de economía
260 _aBuenos Aires
_bFuerza Aérea Argentina. Escuela Superior de Guerra Aérea
_c1981
300 _a158 p.
500 _aISSN 0325-3708. Publicación de la revista de la Escuela Superior de Guerra Aérea. Por ser material de referencia, esta obra se ha tratado como una monografía
650 4 _aDICCIONARIOS
650 4 _aECONOMIA
655 _aREFERENCIA
942 _cBK
998 _claura
999 _c3000
_d3000